| 000 | 00870nmc a2200325 a 4500 | ||
|---|---|---|---|
| 003 | AR-BaBNM | ||
| 005 | 20251128205708.0 | ||
| 008 | 248019s1975 ||||||||||||||000 | spa|| | ||
| 040 | _cAR-BaBNM | ||
| 100 | 1 | _aGodelier, Maurice | |
| 245 | 1 | 0 | _aRacionalidad e irracionalidad en economía |
| 250 | _a5ª ed. | ||
| 260 |
_aMéxico, D.F. _bSiglo Veintiuno _c1975 |
||
| 300 | 0 |
_a313 p. _btablas |
|
| 490 | 0 | _aTeoría | |
| 504 | _aLa bibliografía se encuentra apie de página | ||
| 650 | 4 | _aCAPITALISMO | |
| 650 | 4 | _aMODOS DE PRODUCCION | |
| 650 | 4 | _aCONSUMO | |
| 650 | 4 | _aOFERTA Y DEMANDA | |
| 650 | 4 | _aMERCADOS | |
| 650 | 4 | _aECONOMIA DE MERCADO | |
| 650 | 4 | _aPOLITICA ECONOMICA | |
| 650 | 4 | _aMARXISMO | |
| 650 | 4 | _aDOCTRINAS ECONOMICAS | |
| 650 | 4 | _aSOCIOLOGIA ECONOMICA | |
| 700 | 1 |
_aBlanc, Nicole _etraductor |
|
| 942 | _cBK | ||
| 998 | _cMariana | ||
| 999 |
_c12442 _d12442 |
||